[Event "THA-ch Rapid"]
[Site "Bangkok"]
[Date "2023.12.06"]
[Round "5"]
[White "Khumnorkaew, Tupfah"]
[Black "Wongsawan, Thoetsak"]
[Result "0-1"]
[WhiteElo "1897"]
[BlackElo "1745"]
[PlyCount "76"]
[EventDate "2023.12.05"]
[EventType "swiss (rapid)"]
[EventRounds "13"]
[EventCountry "THA"]
[SourceTitle "CB50_2023"]
[SourceDate "2023.12.13"]
[SourceVersion "1"]
[SourceVersionDate "2023.12.13"]
[SourceQuality "1"]

1. e4 e5 2. Nf3 Nc6 3. Bc4 Nf6 4. d3 Bc5 5. c3 d6 6. h3 a6 7. a4 Ba7 8. 0-0 h6 9. b4 Qe7 10. Qb3 g5 11. g4 Nxg4 12. hxg4 Bxg4 13. Kg2 f5 14. Nh2 Bh5 15. exf5 g4 16. Nd2 Qh4 17. Ne4 Ne7 18. Be6 Rf8 19. Ng3 Bf7 20. Bxf7+ Rxf7 21. Qe6 Rf6 22. Qc4 0-0-0 23. Qxg4 Nxf5 24. Qxh4 Nxh4+ 25. Kh3 Ng6 26. Ng4 Rf3 27. Be3 h5 28. Nh2 Nf4+ 29. Bxf4 Rxf4 30. f3 Rg8 31. Ra2 Rf7 32. Rg2 Rfg7 33. Kh4 Be3 34. Re1 Bg5+ 35. Kh3 Bf4 36. Nhf1 h4 37. Kxh4 Rh8+ 38. Nh5 Rxg2 0-1

[Event "THA-ch Rapid"]
[Site "Bangkok"]
[Date "2023.12.06"]
[Round "8"]
[White "Niramitpattanakoson, Ditsapat"]
[Black "Khumnorkaew, Tupfah"]
[Result "0-1"]
[WhiteElo "1645"]
[BlackElo "1897"]
[PlyCount "39"]
[EventDate "2023.12.05"]
[EventType "swiss (rapid)"]
[EventRounds "13"]
[EventCountry "THA"]
[SourceTitle "CB50_2023"]
[SourceDate "2023.12.13"]
[SourceVersion "1"]
[SourceVersionDate "2023.12.13"]
[SourceQuality "1"]

1. e4 c5 2. d4 cxd4 3. Qxd4 Nc6 4. Qd3 Nf6 5. Nf3 d6 6. Nc3 e6 7. Bf4 e5 8. Bg5 Be7 9. 0-0-0 Be6 10. Kb1 0-0 11. h3 Qb6 12. Bxf6 Bxf6 13. Nd5 Bxd5 14. Qxd5 Rad8 15. Bd3 Qxf2 16. Rdf1 Qb6 17. g4 Ne7 18. Qc4 d5 19. exd5 e4 20. Qxe4 0-1

[Event "THA-ch Rapid"]
[Site "Bangkok"]
[Date "2023.12.05"]
[Round "4"]
[White "Kulpruethanon, Thanadon"]
[Black "Khumnorkaew, Tupfah"]
[Result "1-0"]
[WhiteElo "2187"]
[BlackElo "1897"]
[PlyCount "75"]
[EventDate "2023.12.05"]
[EventType "swiss (rapid)"]
[EventRounds "13"]
[EventCountry "THA"]
[SourceTitle "CB50_2023"]
[SourceDate "2023.12.13"]
[SourceVersion "1"]
[SourceVersionDate "2023.12.13"]
[SourceQuality "1"]

1. Nf3 Nf6 2. g3 d5 3. Bg2 e6 4. 0-0 Nbd7 5. d4 c6 6. c4 Be7 7. Nbd2 0-0 8. Qc2 b6 9. e4 dxe4 10. Nxe4 Bb7 11. Rd1 Qc8 12. Bf4 Nxe4 13. Qxe4 Nf6 14. Qe2 Re8 15. Bh3 Nd7 16. Ne5 Nxe5 17. Bxe5 Qd8 18. Rd3 Bf6 19. Rad1 Qe7 20. Bg2 Rad8 21. Be4 h6 22. Qf3 Rc8 23. h4 Red8 24. b3 Re8 25. b4 a6 26. b5 Bxe5 27. dxe5 Ba8 28. Rd7 Qf8 29. bxc6 Re7 30. h5 Qe8 31. R1d6 Qf8 32. Qd3 Ree8 33. a4 a5 34. Qd4 Rb8 35. c7 Rbc8 36. Bxa8 Rxa8 37. Rd8 Rc8 38. Rxc8 1-0

[Event "THA-ch"]
[Site "Bangkok"]
[Date "2021.11.07"]
[Round "6"]
[White "Burbach, Brunel Baron"]
[Black "Khumnorkaew, Tupfah"]
[Result "0-1"]
[WhiteElo "1757"]
[BlackElo "2123"]
[PlyCount "94"]
[EventDate "2021.11.05"]
[EventType "swiss"]
[EventRounds "9"]
[EventCountry "THA"]
[SourceTitle "CBM 205 Extra"]
[Source "ChessBase"]
[SourceDate "2022.01.31"]
[SourceVersion "1"]
[SourceVersionDate "2022.01.31"]
[SourceQuality "1"]

1. e4 c5 2. Nf3 Nc6 3. c3 e6 4. d4 cxd4 5. cxd4 d5 6. Nc3 Nf6 7. e5 Ne4 8. a3 Nxc3 9. bxc3 Na5 10. Bd3 Qc7 11. Qc2 h6 12. 0-0 Bd7 13. a4 Rc8 14. Bb2 Be7 15. Rfc1 Nc4 16. Nd2 Nxd2 17. Qxd2 Qa5 18. Ba3 Bxa3 19. Rxa3 Rc7 20. Qb2 0-0 21. Bb5 Rfc8 22. h3 a6 23. Bxd7 Rxd7 24. Qb3 Rdc7 25. Qb2 b5 26. axb5 Qxb5 27. Qxb5 axb5 28. Rb3 Rc4 29. Rxb5 Rxd4 30. Kh2 Rdc4 31. Rd1 Rxc3 32. Rd2 R8c4 33. Re2 g5 34. f3 Kg7 35. Kg3 Kg6 36. Kf2 Rc2 37. Rb2 Rxe2+ 38. Rxe2 Kf5 39. Kg3 h5 40. Kf2 h4 41. g4+ hxg3+ 42. Kxg3 Rc3 43. Re1 Rc2 44. Re3 Rd2 45. Re1 Rd3 46. Re2 Rd1 47. Re3 Rg1+ 0-1

[Event "Asian University"]
[Site "Tornelo INT"]
[Date "2021.09.12"]
[Round "8"]
[White "Khumnorkaew, Tupfah"]
[Black "Al Darwashi, Usama"]
[Result "1/2-1/2"]
[WhiteElo "2123"]
[BlackElo "1459"]
[PlyCount "187"]
[EventDate "2021.09.10"]
[EventType "swiss (rapid)"]
[EventRounds "9"]
[EventCountry "NET"]
[SourceTitle "CBM 204 Extra"]
[Source "ChessBase"]
[SourceDate "2021.11.30"]
[SourceVersion "1"]
[SourceVersionDate "2021.11.30"]
[SourceQuality "1"]

1. e4 c5 2. Nf3 d6 3. d4 cxd4 4. Nxd4 Nf6 5. Nc3 Nc6 6. f3 e5 7. Ndb5 a6 8. Na3 b5 9. Nd5 Nxd5 10. exd5 Nd4 11. c3 Nf5 12. Qc2 Qh4+ 13. Qf2 Bb7 14. Qxh4 Nxh4 15. Bg5 Ng6 16. 0-0-0 Be7 17. Bxe7 Nxe7 18. c4 bxc4 19. Nxc4 0-0-0 20. Ne3 Kb8 21. Bc4 Rc8 22. Kb1 f5 23. b3 a5 24. Nc2 Rc5 25. Kb2 Nxd5 26. Rd2 Rd8 27. Rhd1 Nb6 28. Rxd6 Nxc4+ 29. bxc4 Rxd6 30. Rxd6 Kc7 31. Rd1 Rxc4 32. Ne3 Rb4+ 33. Kc3 Ra4 34. Kb3 Rb4+ 35. Kc3 Rh4 36. h3 g6 37. Nd5+ Kc6 38. Ne7+ Kc5 39. Rd7 Ba6 40. Rd5+ Kb6 41. Rxe5 Bf1 42. Nd5+ Ka6 43. Ne3 Bb5 44. Re6+ Kb7 45. Nc2 Bf1 46. Ne3 Bb5 47. Re5 Ka6 48. Re7 a4 49. a3 Kb6 50. Re6+ Kc5 51. Re5+ Kb6 52. Nd5+ Kc6 53. Nb4+ Kb6 54. Nc2 Rc4+ 55. Kd2 Rc7 56. Re6+ Kb7 57. Rd6 Rd7 58. Rxd7+ Bxd7 59. f4 Kc6 60. Nb4+ Kc5 61. Kc3 h6 62. h4 Bb5 63. g3 Be2 64. Kd2 Bf3 65. Ke3 Bb7 66. Nd3+ Kc4 67. Ne5+ Kb3 68. Kd4 Kxa3 69. Kc3 Be4 70. Nxg6 Ka2 71. Ne5 Bd5 72. Nd3 Be4 73. Nc5 Bc6 74. Nd3 Be4 75. Nc5 Bc6 76. Nd3 Bb5 77. Nb4+ Kb1 78. Nc2 Bd7 79. Na3+ Ka2 80. Kb4 Kb2 81. Nc4+ Kc2 82. Nb6 Be8 83. Nxa4 Kd2 84. Nc5 Ke3 85. Kc3 Kf3 86. Kd4 Kxg3 87. Ke5 Kg4 88. Ne6 Bc6 89. h5 Be4 90. Ng7 Bb1 91. Kf6 Kxf4 92. Kg6 Kg4 93. Nxf5 Bxf5+ 94. Kxh6 1/2-1/2

[Event "Nonthaburi SEA Games Qual"]
[Site "Nonthaburi"]
[Date "2021.03.04"]
[Round "1.2"]
[White "Khumnorkaew, Tupfah"]
[Black "Prayoonthamrongthiti, Pisut"]
[Result "1-0"]
[WhiteElo "2153"]
[BlackElo "1660"]
[PlyCount "211"]
[EventDate "2021.03.04"]
[EventType "swiss"]
[EventRounds "9"]
[EventCountry "THA"]
[SourceTitle "EXT 2022"]
[Source "ChessBase"]
[SourceDate "2021.10.06"]
[SourceVersion "1"]
[SourceVersionDate "2021.10.06"]
[SourceQuality "1"]

1. e4 c5 2. Nf3 d6 3. d4 cxd4 4. Nxd4 Nf6 5. Nc3 a6 6. Bg5 e6 7. f4 Be7 8. Qf3 Qc7 9. 0-0-0 Nbd7 10. g4 h6 11. Bxf6 Bxf6 12. Bg2 Nb6 13. Rhe1 Bd7 14. Kb1 0-0 15. h4 Rac8 16. g5 Bxd4 17. Rxd4 Na4 18. Rd3 Qa5 19. Red1 Nxc3+ 20. Rxc3 Rxc3 21. Qxc3 Qxc3 22. bxc3 hxg5 23. hxg5 Bc6 24. Rxd6 Re8 25. Bf3 g6 26. Be2 Bxe4 27. Rd7 Rc8 28. Kb2 Kf8 29. Rd4 Bc6 30. Rd3 Bb5 31. Rh3 Kg7 32. Bxb5 axb5 33. Rd3 Rc5 34. Rd7 e5 35. fxe5 Rxe5 36. Rxb7 Rxg5 37. Kb3 Re5 38. c4 bxc4+ 39. Kxc4 Ra5 40. Rb2 g5 41. Kd4 f5 42. c4 Kf6 43. c5 Ke7 44. Kd5 g4 45. Re2+ Kd7 46. Rf2 g3 47. Rxf5 Rxa2 48. Rf7+ Kc8 49. Rg7 g2 50. Kc6 Ra6+ 51. Kb5 Ra2 52. Kb6 Rb2+ 53. Kc6 Kd8 54. Rd7+ Kc8 55. Rh7 Kd8 56. Rh8+ Ke7 57. Rg8 Rc2 58. Kb6 Kd7 59. Rg7+ Kc8 60. Kc6 Kd8 61. Rg5 Ke7 62. Rg7+ Kd8 63. Rd7+ Kc8 64. Rg7 Kd8 65. Rg8+ Ke7 66. Rg3 Kd8 67. Rg7 Rb2 68. Rg8+ Ke7 69. Kc7 Rc2 70. c6 Rf2 71. Kb7 Rb2+ 72. Kc8 Ra2 73. Kc7 Rb2 74. Rg3 Ra2 75. Kb7 Rb2+ 76. Kc8 Rb6 77. Kc7 Rb2 78. Rg7+ Ke6 79. Kd8 Rf2 80. Rg6+ Rf6 81. c7 Rxg6 82. c8Q+ Kf6 83. Qc6+ Kg7 84. Qc3+ Kh7 85. Qc7+ Kg8 86. Qc4+ Kh7 87. Qh4+ Kg8 88. Qc4+ Kh7 89. Qf7+ Kh6 90. Qf4+ Kg7 91. Qd4+ Kf7 92. Qg1 Ke6 93. Kc7 Ke5 94. Kd7 Kf5 95. Ke7 Rg7+ 96. Kd6 Kf6 97. Qf2+ Kg6 98. Qxg2+ Kf7 99. Qf3+ Ke8 100. Qf6 Rf7 101. Qh8+ Rf8 102. Qh5+ Kd8 103. Qg5+ Kc8 104. Qe7 Rd8+ 105. Kc6 Rd6+ 106. Kxd6 1-0

[Event "Asia-ch Universities"]
[Site "Chess.com INT"]
[Date "2020.12.29"]
[Round "7"]
[White "Arjun, Kalyan"]
[Black "Khumnorkaew, Tupfah"]
[Result "1/2-1/2"]
[WhiteElo "2477"]
[BlackElo "2110"]
[PlyCount "94"]
[EventDate "2020.12.27"]
[EventType "swiss"]
[EventRounds "9"]
[EventCountry "IRI"]
[SourceTitle "CBM 200 Extra"]
[Source "ChessBase"]
[SourceDate "2021.03.31"]
[SourceVersion "1"]
[SourceVersionDate "2021.03.31"]
[SourceQuality "1"]

1. e4 c6 2. Nc3 d5 3. Nf3 g6 4. d4 Nf6 5. e5 Ne4 6. Nxe4 dxe4 7. Ng5 c5 8. Bc4 e6 9. Nxe4 Qxd4 10. Nf6+ Ke7 11. Qe2 Nc6 12. Bg5 h6 13. Rd1 Qxb2 14. Nd5+ Kd7 15. Nb6+ Ke8 16. Nxa8 hxg5 17. Nc7+ Ke7 18. Nb5 Qxe5 19. Qxe5 Nxe5 20. Be2 a6 21. Nd6 Bg7 22. 0-0 Nc6 23. Bf3 Be5 24. Nxc8+ Rxc8 25. Rfe1 Bd4 26. a4 b5 27. axb5 axb5 28. Kf1 Ne5 29. Bb7 Rb8 30. Be4 f5 31. Bd3 Nxd3 32. Rxd3 b4 33. Red1 e5 34. Rh3 c4 35. Rb1 g4 36. Rh7+ Kd6 37. Rg7 b3 38. Rxg6+ Kd5 39. cxb3 cxb3 40. Ke2 b2 41. Rg7 Ke4 42. f3+ gxf3+ 43. gxf3+ Kf4 44. Rh7 Rc8 45. Rh4+ Kg5 46. Rxd4 exd4 47. Rxb2 Kf4 1/2-1/2

[Event "Asia-ch Universities"]
[Site "Chess.com INT"]
[Date "2020.12.29"]
[Round "8"]
[White "Javanbakht, Nima"]
[Black "Khumnorkaew, Tupfah"]
[Result "0-1"]
[WhiteElo "2472"]
[BlackElo "2110"]
[PlyCount "110"]
[EventDate "2020.12.27"]
[EventType "swiss"]
[EventRounds "9"]
[EventCountry "IRI"]
[SourceTitle "CBM 200 Extra"]
[Source "ChessBase"]
[SourceDate "2021.03.31"]
[SourceVersion "1"]
[SourceVersionDate "2021.03.31"]
[SourceQuality "1"]

1. d4 Nf6 2. c4 e6 3. Nf3 d5 4. Nc3 Be7 5. Bf4 0-0 6. e3 Nbd7 7. Bd3 c5 8. cxd5 Nxd5 9. Nxd5 exd5 10. 0-0 b6 11. dxc5 bxc5 12. Rc1 Nf6 13. b3 Qa5 14. Be5 Bg4 15. Bc3 Qb6 16. h3 Bd7 17. Bb1 Bb5 18. Re1 Rfd8 19. Qc2 g6 20. Qb2 Ne4 21. Bxe4 dxe4 22. Ne5 h5 23. Red1 Rxd1+ 24. Rxd1 Rd8 25. Rc1 Rd5 26. a4 Ba6 27. a5 Qe6 28. Nc4 Rd3 29. Be5 f6 30. Bg3 Qd7 31. Qc2 Kh7 32. Kh2 Qd5 33. Kh1 Qd7 34. Rb1 g5 35. Nb2 Rd2 36. Qxe4+ Kg7 37. Nc4 Bb7 38. Qxb7 Qxb7 39. Nxd2 h4 40. Bh2 Qd7 41. Nc4 Qd3 42. Rb2 Qc3 43. Bb8 Bd8 44. a6 Qb4 45. Bd6 Qb5 46. f4 Qxa6 47. fxg5 fxg5 48. Rd2 Bf6 49. Kh2 Qb5 50. Rd3 a5 51. e4 Bd4 52. Rf3 a4 53. Na3 Qb4 54. bxa4 Qe1 55. Bf8+ Kg8 0-1

[Event "Online Olym Div2 B"]
[Site "Chess.com INT"]
[Date "2020.08.16"]
[Round "9.2"]
[White "Khumnorkaew, Tupfah"]
[Black "Caspi, Israel"]
[Result "1/2-1/2"]
[WhiteElo "2099"]
[BlackElo "2489"]
[PlyCount "59"]
[EventDate "2020.08.14"]
[EventType "team-tourn (rapid)"]
[EventRounds "9"]
[EventCountry "USA"]
[SourceTitle "CBM 198"]
[Source "ChessBase"]
[SourceDate "2020.10.31"]
[SourceVersion "1"]
[SourceVersionDate "2020.10.31"]
[SourceQuality "1"]
[WhiteTeam "Thailand"]
[BlackTeam "Israel"]
[WhiteTeamCountry "THA"]
[BlackTeamCountry "ISR"]

1. e4 d5 2. exd5 Qxd5 3. Nc3 Qd6 4. d4 Nf6 5. Nf3 a6 6. Bd3 g6 7. h3 Bg7 8. 0-0 0-0 9. Re1 Nc6 10. Be3 Rd8 11. a3 b5 12. Qd2 Bb7 13. Ne4 Nxe4 14. Bxe4 Rab8 15. c3 Na5 16. Bxb7 Rxb7 17. Bf4 Qd5 18. Rad1 e6 19. Qc2 Qf5 20. Qxf5 gxf5 21. Re2 c5 22. d5 Rbd7 23. Rde1 Rxd5 24. Bc7 Nc4 25. Bxd8 Rxd8 26. Rc1 Bh6 27. Ra1 Bg7 28. Rc1 Bh6 29. Ra1 Bg7 30. Rc1 1/2-1/2

[Event "Online Olym Div3 C"]
[Site "Chess.com INT"]
[Date "2020.08.07"]
[Round "2.5"]
[White "Khumnorkaew, Tupfah"]
[Black "Tomb, Maroun"]
[Result "0-1"]
[WhiteElo "2099"]
[BlackElo "2084"]
[PlyCount "60"]
[EventDate "2020.08.07"]
[EventType "team-tourn (rapid)"]
[EventRounds "9"]
[EventCountry "USA"]
[SourceTitle "CBM 198"]
[Source "ChessBase"]
[SourceDate "2020.10.31"]
[SourceVersion "1"]
[SourceVersionDate "2020.10.31"]
[SourceQuality "1"]
[WhiteTeam "Thailand"]
[BlackTeam "Lebanon"]
[WhiteTeamCountry "THA"]
[BlackTeamCountry "LBN"]

1. d4 d6 2. c4 Nf6 3. Nc3 Nbd7 4. e4 e5 5. Nf3 Be7 6. g3 c6 7. Bg2 0-0 8. 0-0 a6 9. a4 a5 10. Re1 exd4 11. Nxd4 Nc5 12. f4 Qc7 13. Kh1 Re8 14. Qc2 Bf8 15. Be3 Na6 16. Bg1 Nd7 17. Rad1 Ndc5 18. Rd2 Bg4 19. Bf3 Nb4 20. Qd1 Bxf3+ 21. Qxf3 g6 22. Red1 Re7 23. Nc2 Nb3 24. Re2 Nxc2 25. Rxc2 Rae8 26. c5 dxc5 27. e5 Rd8 28. Rxd8 Qxd8 29. Ne4 Nd4 30. Qd1 Qd5 0-1

[Event "THA-ch"]
[Site "Bangkok"]
[Date "2020.02.10"]
[Round "9"]
[White "Khumnorkaew, Tupfah"]
[Black "Laohawirapap, Prin"]
[Result "0-1"]
[WhiteElo "2073"]
[BlackElo "1882"]
[PlyCount "150"]
[EventDate "2020.02.06"]
[EventType "swiss"]
[EventRounds "9"]
[EventCountry "THA"]
[SourceTitle "CBM 195 Extra"]
[Source "ChessBase"]
[SourceDate "2020.05.31"]
[SourceVersion "1"]
[SourceVersionDate "2020.05.31"]
[SourceQuality "1"]

1. e4 c5 2. Nf3 Nc6 3. b3 Nf6 4. e5 Nd5 5. Bb2 g6 6. Bc4 Nb6 7. Bb5 Bg7 8. 0-0 0-0 9. Qc1 Nd5 10. Re1 b6 11. Bxc6 dxc6 12. h3 Nc7 13. d3 Ne6 14. Re4 Qc7 15. Nbd2 Rd8 16. Nf1 Bb7 17. Rb1 Nd4 18. Nxd4 cxd4 19. Rxd4 Rxd4 20. Bxd4 c5 21. Bc3 Bxe5 22. Bxe5 Qxe5 23. Qe3 Qd5 24. Qg3 Rd8 25. Re1 e6 26. Ne3 Qd4 27. Ng4 Kg7 28. Qe5+ Qxe5 29. Nxe5 f6 30. Nc4 Kf7 31. a4 e5 32. f3 Ba6 33. Nd2 Rd4 34. Kf2 Ke6 35. g3 Bb7 36. Nc4 Ba6 37. Ne3 h5 38. Ng2 Bb7 39. Nf4+ Kf7 40. Ne2 Rd8 41. Nc3 Bc6 42. g4 Rd4 43. Ne2 Rd8 44. Kg3 hxg4 45. hxg4 Rh8 46. Nc3 Re8 47. Rh1 Kg7 48. Re1 Kf7 49. Rb1 f5 50. Re1 Kf6 51. Rh1 Kg7 52. Rh2 Rf8 53. g5 Re8 54. Re2 Kf7 55. Kf2 Rh8 56. Kg3 f4+ 57. Kg2 Ke6 58. Re1 Rh5 59. Ne2 Rxg5+ 60. Kf2 Kf5 61. Rh1 Rh5 62. Rxh5+ gxh5 63. Kg2 a6 64. Nc3 h4 65. Ne4 c4 66. Nd6+ Ke6 67. Nxc4 h3+ 68. Kxh3 Bxf3 69. Nxb6 Bd1 70. b4 Bxc2 71. Kg4 Bxd3 72. a5 Be2+ 73. Kh3 e4 74. Na4 e3 75. Nc3 f3 0-1

[Event "THA-ch"]
[Site "Bangkok"]
[Date "2020.02.08"]
[Round "6"]
[White "Wiwatanadate, Poompong"]
[Black "Khumnorkaew, Tupfah"]
[Result "0-1"]
[WhiteElo "2031"]
[BlackElo "2073"]
[PlyCount "135"]
[EventDate "2020.02.06"]
[EventType "swiss"]
[EventRounds "9"]
[EventCountry "THA"]
[SourceTitle "CBM 195 Extra"]
[Source "ChessBase"]
[SourceDate "2020.05.31"]
[SourceVersion "1"]
[SourceVersionDate "2020.05.31"]
[SourceQuality "1"]

1. e4 c6 2. Nc3 d5 3. Nf3 Bg4 4. h3 Bxf3 5. Qxf3 e6 6. d3 Nf6 7. Bd2 Nbd7 8. g4 h6 9. Qg3 d4 10. Ne2 Qb6 11. 0-0-0 a5 12. f4 Bb4 13. c3 dxc3 14. Bxc3 a4 15. g5 a3 16. b3 Bxc3 17. Nxc3 Nh5 18. Qf3 hxg5 19. fxg5 Qc5 20. d4 Qxg5+ 21. Kc2 Qg3 22. Rd3 Qh4 23. Rg1 Rh6 24. e5 f5 25. Rd2 Rd8 26. b4 Qe7 27. Be2 g5 28. Qg2 Nf4 29. Qxg5 Qxg5 30. Rxg5 Kf7 31. Bc4 Ke7 32. Rf2 Ng6 33. Rfg2 Ndf8 34. Ne2 b5 35. Bd3 Kf7 36. Rg1 Rxh3 37. Rb1 Rh2 38. Kc3 Ne7 39. Rb3 Nd5+ 40. Kd2 Ra8 41. Bc2 Ng6 42. Bd1 Nge7 43. Rgg3 Nb6 44. Rh3 Rh8 45. Rxh8 Rxh8 46. Nf4 Rh2+ 47. Kc1 Ned5 48. Nxd5 Nxd5 49. Rxa3 Nxb4 50. Ra7+ Ke8 51. Bb3 Nd5 52. Bxd5 cxd5 53. Ra8+ Kd7 54. Ra7+ Kd8 55. Ra6 Kd7 56. Ra7+ Kd8 57. Ra6 Ke7 58. Ra7+ Kf8 59. Ra6 Kf7 60. Ra7+ Kg6 61. Re7 Kg5 62. Rxe6 Rxa2 63. Rd6 f4 64. Kb1 Rd2 65. Rxd5 f3 66. e6+ Kf6 67. Rd8 f2 68. Rd5 0-1